000 00762cam a22002532i 4500
001 CIP114015724
003 YEEZEN
005 20260413134854.0
008 251028s2025 ch e 000 0 chi d
020 _a9786264176729
_q(平裝) :
_cNT$450
040 _aCIP
_bchi
_cCIP
042 _anbic
084 _a783.3886
_2ncsclt
090 _a783.3886
245 1 0 _a師心我心:
_b 和信治癌中心醫院創辦人黃達夫醫師的醫者之心,傳承與創新 /
_c黃達夫作; 傅士玲採訪整理
250 _a第一版
260 _a臺北市 :
_b遠見天下文化,
_c2025.12.
300 _a面 ;
_c公分
600 7 _2lcstt
_a
_b達夫
650 7 _2lcstt
_a醫師
650 7 _2lcstt
_a醫療服務
650 7 _2lcstt
_a傳記
942 _2ccl
_cBOOK
999 _c7709
_d7709